Product safety in the European Union

Rapex systém v Európskej únii. Rasff systém v Slovenskej republike.

Salvato in:
Dettagli Bibliografici
Autore principale: Gondárová, Jana, 1983-
Altri autori: Kováčová, Natália, Štefaňák, Peter
Natura: Capitolo di libro
Lingua:inglese
Soggetti:
Tags: Aggiungi Tag
Nessun Tag, puoi essere il primo ad aggiungerne!!

MARC

LEADER 00000naa a2200000 4500
001 0119538
005 20240523124646.6
041 0 |a eng 
044 |a SK 
245 1 0 |a Product safety in the European Union  |c Jana Gondárová, Natália Kováčová, Peter Štefaňák 
520 |a Rapex systém v Európskej únii. Rasff systém v Slovenskej republike. 
610 2 0 |a ochrana spotrebiteľa 
610 2 0 |a bezpečnosť výrobkov 
610 2 0 |a Európska únia 
610 2 0 |a Slovensko 
610 2 0 |a harmonizácia 
610 2 0 |a ochrana zdravia 
100 1 |a Gondárová, Jana, 1983- 
700 1 |a Kováčová, Natália 
700 1 |a Štefaňák, Peter